Catálogo
 En Linea

Más allá del milagro económico : (Registro nro. 22868)

Detalles MARC
000 -CABECERA
campo de control de longitud fija 00782nam a2200205 a 4500
001 - NÚMERO DE CONTROL
campo de control 000023371
005 - FECHA Y HORA DE LA ÚLTIMA TRANSACCIÓN
campo de control 20200930022155.0
008 - DATOS DE LONGITUD FIJA--INFORMACIÓN GENERAL
campo de control de longitud fija 101203s1990 ch 000 0 spa d
020 ## - NÚMERO INTERNACIONAL ESTÁNDAR DEL LIBRO
Número Internacional Estándar del Libro 957922711x
040 ## - FUENTE DE LA CATALOGACIÓN
Centro catalogador/agencia de origen DO-SdBNP
Lengua de catalogación spa
Centro/agencia transcriptor BNPHU
082 ## - NÚMERO DE LA CLASIFICACIÓN DECIMAL DEWEY
Número de clasificación 330.951
Número de documento/Ítem Y94m
049 ## - FONDOS LOCALES (OCLC)
Fondos de biblioteca BNGR
100 1# - ENTRADA PRINCIPAL--NOMBRE DE PERSONA
Nombre de persona Yu-ming, Shaw.
9 (RLIN) 48140
245 10 - MENCIÓN DE TÍTULO
Título Más allá del milagro económico :
Resto del título reflexiones sobre la República de China en Taiwan, China continental y las relaciones sinoamericanas /
Mención de responsabilidad, etc. Shaw Yu-ming.
260 ## - PUBLICACIÓN, DISTRIBUCIÓN, ETC.
Lugar de publicación, distribución, etc. Taiwan :
Nombre del editor, distribuidor, etc. Compañía de Publicaciones Kwang Hwa 2,
Fecha de publicación, distribución, etc. 1990.
300 ## - DESCRIPCIÓN FÍSICA
Extensión 144 p. ;
Dimensiones 21 cm.
650 #4 - PUNTO DE ACCESO ADICIONAL DE MATERIA--TÉRMINO DE MATERIA
Término de materia o nombre geográfico como elemento de entrada China
Subdivisión general Política económica
9 (RLIN) 48141
650 #4 - PUNTO DE ACCESO ADICIONAL DE MATERIA--TÉRMINO DE MATERIA
Término de materia o nombre geográfico como elemento de entrada China
Subdivisión general Condiciones económicas.
Subdivisión cronológica 1976
Subdivisión general Congresos,conferencias,etc
9 (RLIN) 48142
650 #4 - PUNTO DE ACCESO ADICIONAL DE MATERIA--TÉRMINO DE MATERIA
Término de materia o nombre geográfico como elemento de entrada China
Subdivisión general Política y gobierno
9 (RLIN) 48143
Existencias
Estado de retiro Estado de pérdida Restricciones de uso No para préstamo Código de colección Localización permanente Ubicación/localización actual Ubicación en estantería Fecha de adquisición Número de inventario Total de préstamos Signatura topográfica completa Código de barras Fecha visto por última vez Precio válido a partir de Tipo de ítem Koha
        Monografías: Libros y Folletos General General En catalogación 03.12.2010 LF1   330.951 Y94m 23371-10 25.06.2020 25.06.2020 Préstamo en sala

Con tecnología Koha